| 000 | 00554nam a2200181 a 4500 | ||
|---|---|---|---|
| 001 | BRCA_1448 | ||
| 005 | 20190320203431.0 | ||
| 008 | 290805s1990----mx-a---f##---#000-0#spa-# | ||
| 050 | 4 |
_aN8243 _b.C66 1990 |
|
| 245 | 1 | 0 |
_aLa concha nácar en México _cVirgina Armella de Aspe ... [et al]. |
| 260 |
_aMéxico _bGrupo GUTSA _c1990 |
||
| 300 |
_a197 p. _bil. a color _c29 cm. |
||
| 504 | _aBibliografía: p. 190-197 | ||
| 650 | 1 | 4 |
_aConchas _zMéxico _94743 |
| 650 | 1 | 4 |
_aArtesanías _zMéxico _93976 |
| 700 | 1 |
_aArmella de Aspe, Virginia _92324 |
|
| 942 |
_2lcc _cB |
||
| 999 |
_c1310 _d1310 |
||